[Event "BEL-ch U20"]
[Site "Blankenberge"]
[Date "2015.04.13"]
[Round "3"]
[White "Wuytens, Robin"]
[Black "Van Laeken, Jonathan"]
[Result "1-0"]
[WhiteElo "1795"]
[BlackElo "1856"]
[PlyCount "57"]
[EventDate "2015.04.12"]
[EventType "tourn"]
[EventRounds "9"]
[EventCountry "BEL"]
[SourceTitle "CBM 166 Extra"]
[Source "ChessBase"]
[SourceDate "2015.06.18"]
[SourceVersion "1"]
[SourceVersionDate "2015.06.18"]
[SourceQuality "1"]

1. e4 c6 2. d4 d5 3. exd5 cxd5 4. Bd3 Nc6 5. c3 Nf6 6. Bf4 e6 7. Nf3 Bd6 8. Ne5 Qc7 9. Qe2 a6 10. 0-0 h5 11. Re1 Ng4 12. h3 Ngxe5 13. dxe5 Be7 14. Nd2 Bd7 15. Nf3 Rc8 16. Rac1 Na5 17. Ng5 b5 18. b3 Qd8 19. Nh7 g6 20. Nf6+ Bxf6 21. exf6 Rg8 22. Bg5 Nc6 23. Qf3 d4 24. Re4 Qb6 25. Rce1 dxc3 26. Rxe6+ Kd8 27. Rd6 Qa5 28. Qd5 b4 29. Rxd7# 1-0